• 首页
  • 本馆介绍
  • 公告通知
  • 最新文献
  • 馆藏检索
  • 电子资源
  • 读者导购
  • 参考咨询
  • 我的图书馆
  • 登录
  • 详细信息显示
  • 放入我的书架
  • 预约/预借图书
  • 作者相关作品
  • 分类相关作品
  • 丛书相关作品
  • 出版社相关作品

书目信息

  • 表格格式
  • 工作单格式
  • 卡片格式
题名:
咿呀学语课业手册
    
 
作者: 梁巍 主编
分册: 第2册   3-4岁·家庭用书
出版信息: 北京   华夏出版社  2013
页数: 150页
开本: 26cm
丛书名: 聋儿早期康复教育系列丛书
单 册:
中图分类: G762.4
科图分类:
主题词: 听力障碍--听说教学--先学前教育--特殊教育--教学参考资料 , 听力障碍 , 听说教学 , 先学前教育 , 特殊教育
电子资源:
ISBN: 978-7-5080-7163-3
000 00933oam2 2200289 450
001 1558206350
005 20150202161146.64
010    @a978-7-5080-7163-3@dCNY29.00
100    @a20130924d2013 em y0chiy50 ea
101 0  @achi
102    @aCN@b110000
105    @aa z 000yy
200 1  @a咿呀学语课业手册@9yi ya xue yu ke ye shou ce@h第2册@i3-4岁·家庭用书@f梁巍主编
210    @a北京@c华夏出版社@d2013
215    @a150页@c图@d26cm
225 2  @a聋儿早期康复教育系列丛书
330    @a本书是聋儿早期康复教育的家庭用书,介绍了三级配合性家庭教育活动,为家长提供具体的教育内容和方法提示。
461  0 @12001 @a聋儿早期康复教育系列丛书
606 0  @a听力障碍@x听说教学@x先学前教育@x特殊教育@j教学参考资料
606 0  @a听力障碍
606 0  @a听说教学
606 0  @a先学前教育
606 0  @a特殊教育
690    @aG762.4@v5
701  0 @a梁巍@9liang wei@4主编
801  0 @aCN@bTSSF@c20150202
905    @aZUCC@dG762.4@eJY3:2
    
    咿呀学语课业手册.第2册.3-4岁·家庭用书/梁巍主编.-北京:华夏出版社,2013
    150页:图;26cm.-(聋儿早期康复教育系列丛书)
    
    
    ISBN 978-7-5080-7163-3:CNY29.00
    本书是聋儿早期康复教育的家庭用书,介绍了三级配合性家庭教育活动,为家长提供具体的教育内容和方法提示。
●
相关链接 在E读中查询图书 在五车中查询图书 在当当中查询图书 在豆瓣中查询图书


正题名:咿呀学语课业手册     索取号:G762.4/JY3:2         预约/预借

序号 登录号 条形码 馆藏地/架位号 状态 备注
1 7865136   278651362   学院路分馆/ [索取号:G762.4/JY3:2] 在馆    
唐山师范学院图书馆 欢迎您!
大连网信软件有限公司© 版权所有